Последовательный многошаговый синтез управления позиционным электроприводом; Известия Томского политехнического университета [Известия ТПУ]; Т. 321, № 4 : Энергетика

Bibliographische Detailangaben
Parent link:Известия Томского политехнического университета [Известия ТПУ]/ Томский политехнический университет (ТПУ).— , 2000-
Т. 321, № 4 : Энергетика.— 2012.— [С. 127-131]
1. Verfasser: Яковенко П. Г. Павел Георгиевич
Zusammenfassung:Заглавие с титульного листа
Электронная версия печатной публикации
Метод последовательного многошагового синтеза позволяет формировать законы управления позиционными электроприводами во время переходного процесса из оптимальных управлений для малых шагов. Составлен алгоритм перемещения рабочего органа без перерегулирования по положению при изменении задания во время переходного процесса. Выход в заданную позицию с любой начальной установившейся скорости выполняется за минимальное время с ограничением координат.
Sprache:Russisch
Veröffentlicht: 2012
Schriftenreihe:Энергетика
Schlagworte:
Online-Zugang:http://earchive.tpu.ru/bitstream/11683/4473/1/bulletin_tpu-2012-321-4-28.pdf
Format: MixedMaterials Elektronisch Buchkapitel
KOHA link:https://koha.lib.tpu.ru/cgi-bin/koha/opac-detail.pl?biblionumber=231723

MARC

LEADER 00000nla2a2200000 4500
001 231723
005 20231031202919.0
035 |a (RuTPU)RU\TPU\book\252746 
035 |a RU\TPU\book\252745 
090 |a 231723 
100 |a 20130205d2012 k y0rusy50 ca 
101 0 |a rus 
102 |a RU 
135 |a drnn ---uucaa 
181 0 |a i  
182 0 |a b 
200 1 |a Последовательный многошаговый синтез управления позиционным электроприводом  |b Электронный ресурс  |f П. Г. Яковенко 
203 |a Текст  |c электронный 
215 |a 1 файл (152 Кб) 
225 1 |a Энергетика 
230 |a Электронные текстовые данные (1 файл : 152 Кб) 
300 |a Заглавие с титульного листа 
300 |a Электронная версия печатной публикации 
320 |a [Библиогр.: с. 131 (4 назв.)] 
330 |a Метод последовательного многошагового синтеза позволяет формировать законы управления позиционными электроприводами во время переходного процесса из оптимальных управлений для малых шагов. Составлен алгоритм перемещения рабочего органа без перерегулирования по положению при изменении задания во время переходного процесса. Выход в заданную позицию с любой начальной установившейся скорости выполняется за минимальное время с ограничением координат. 
337 |a Adobe Reader 
461 1 |0 (RuTPU)RU\TPU\book\176237  |t Известия Томского политехнического университета [Известия ТПУ]  |f Томский политехнический университет (ТПУ)  |d 2000- 
463 1 |0 (RuTPU)RU\TPU\book\251719  |x 1684-8519  |t Т. 321, № 4 : Энергетика  |v [С. 127-131]  |d 2012  |p 204 с. 
610 1 |a позиционные электроприводы 
610 1 |a переходные процессы 
610 1 |a управление 
610 1 |a координаты 
610 1 |a ограничение 
610 1 |a методы синтеза 
610 1 |a рабочие органы 
610 1 |a алгоритмы 
610 1 |a перемещение 
610 1 |a труды учёных ТПУ 
610 1 |a электронный ресурс 
700 1 |a Яковенко  |b П. Г.  |c специалист в области теплоэнергетики  |c профессор Томского политехнического университета, доктор технических наук  |f 1951-  |g Павел Георгиевич  |2 stltpush  |3 (RuTPU)RU\TPU\pers\26011 
801 1 |a RU  |b 63413507  |c 20090623  |g PSBO 
801 2 |a RU  |b 63413507  |c 20220124  |g PSBO 
856 4 |u http://earchive.tpu.ru/bitstream/11683/4473/1/bulletin_tpu-2012-321-4-28.pdf 
942 |c CF